00250nam a22001097a 4500003000400000008004100004082001500045100001700060245002700077260002800104300000800132OSt220521b ||||| |||| 00| 0 eng d a823.92 IGR aIGER, Robert aThe Ride of a Lifetime aLondon bPenguin c2019 a246